000 01107nam a2200265Ia 4500
999 _c49610
_d49610
001 16542
003 GE_BSU
005 20241227114019.0
008 181216s2010||||ge |||||||||||||| ||geo||
020 _a978-9941-9125-6-6
040 _cGE_BSU
041 _ageo
080 _a332.142(075.8) + 336.143(075.8) მ-58
100 _aმესხია, იაკობ
_924038
245 _aრეგიონული ეკონომიკური პოლიტიკა /
_cიაკობ მესხია, ელისო გველესიანი.
264 _aთბილისი :
_bინოვაცია,
_c2010.
300 _a224 გვ. ;
_c20 სმ
504 _aბიბლიოგრ. ტექსტ. შენიშვნ.
541 _h15ლ.
653 _aეკონომიკა
653 _aრეგიონული ეკონომიკური პოლიტიკა
653 _aსაბიუჯეტო პოლიტიკა
700 _aგველესიანი, ელისო
_eავტორი
_924039
942 _cBK
_2udc